000 00923nam a2200217Ii 4500
003 JO-AjNU
008 230605s9999||||xx |||||||||||||| ||und||
017 _a2011/12/4458
040 _aJO-AjNU
_bara
_erda
_cJO-AjNU
041 _aara
050 1 4 _aPJ7561.Z8352 2012
100 3 _aالزغول، سلطان عارف,
_eauthor
_959553
245 0 0 _aتمثيلات الأب في الشعر العربي الحديث
250 _aالطبعة الاولى
264 3 1 _aاربد: عالم الكتب الحديث للنشر والتوزيع، 2012
300 _a302ص
_b ويحتوي على قائمة مراجع من ص297-ص302/ في الاصل رسالة ماجستير
336 _atext
_btxt
_2rdacontent
337 _aunmediated
_bn
_2rdamedia
338 _avolume
_bnc
_2rdacarrier
650 4 _aالشعر العربي- العصر الحديث-تاريخ ونقد-الادب في الشعر العربي
_959554
999 _aA26805
_c30373
_d30373